| 000 | 00895nam a22002297a 4500 | ||
|---|---|---|---|
| 003 | BUBTL | ||
| 008 | 231017b ||||| |||| 00| 0 eng d | ||
| 020 | _a9848229663 | ||
| 041 | _aben | ||
| 082 | _a491.44/ Sa738b/ 2015 | ||
| 100 |
_95544 _aসরকার, পবিত্র |
||
| 245 |
_aবাংলা বানান সংস্কার : সমস্যা ও সম্ভাবনা / _cপবিত্র সরকার |
||
| 250 | _a2nd ed. | ||
| 260 |
_aনিউ এজ পাবলিকেশন্স : _bঢাকা, _cc2015 |
||
| 300 |
_a212 p. : _c22 cm. |
||
| 500 | _aIncludes index | ||
| 505 | _aবাংলা ভাষা, বাংলা বানান সংস্কার, পবিত্র সরকার | ||
| 650 | 0 |
_95139 _aবাংলা ভাষা |
|
| 856 |
_k0 _l0 _yDownload |
||
| 942 |
_2ddc _cBK |
||
| 999 |
_c7117 _d7117 |
||